Estadísticas para Los 20 Países Más Felices Del Mundo (2019)

Haz click aquí para intentar la prueba.

Estadísticas generales

  • Esta prueba ha sido intentada 82 veces
    (65 desde el último reinicio)
  • La puntuación promedio es 15 de 20

Estadísticas de respuestas

#País% Correcto
7Suecia
95%
3Noruega
93%
1Finlandia
92%
11Australia
90%
9Canadá
90%
6Suiza
88%
17Alemania
86%
4Islandia
86%
5Países Bajos
86%
19Estados Unidos
85%
2Dinamarca
81%
18Bélgica
78%
8Nueva Zelanda
78%
16Irlanda
73%
15Reino Unido
73%
14Luxemburgo
71%
10Austria
66%
20República Checa
42%
12Costa Rica
25%
13Israel
22%

Distribución de puntuación

Porcentaje por número respondido

Porcentaje de gente con cada puntuación

Historial de tus puntuaciones

No has intentado esta prueba desde el último reinicio